<?xml version="1.0" encoding="UTF-8"?>
<collection xmlns="http://www.loc.gov/MARC21/slim">
    <record>
        <controlfield tag="001">61014</controlfield>
        <controlfield tag="005">20170907124632.0</controlfield>
        <datafield tag="037" ind1=" " ind2=" ">
            <subfield code="a">TAZ-TFM-2017-048</subfield>
        </datafield>
        <datafield tag="041" ind1=" " ind2=" ">
            <subfield code="a">spa</subfield>
        </datafield>
        <datafield tag="100" ind1="1" ind2=" ">
            <subfield code="a">Jiménez Gil, Jonás</subfield>
        </datafield>
        <datafield tag="242" ind1="0" ind2="0">
            <subfield code="a">Study and redesign of the open spaces on the ground floor of Agustin de Betancourt building of the EINA</subfield>
        </datafield>
        <datafield tag="245" ind1="0" ind2="0">
            <subfield code="a">Estudio y rediseño de los espacios libres de la planta baja del edificio Agustín de Betancourt de la EINA, UZ</subfield>
        </datafield>
        <datafield tag="260" ind1=" " ind2=" ">
            <subfield code="a">Zaragoza</subfield>
            <subfield code="b">Universidad de Zaragoza</subfield>
            <subfield code="c">2017</subfield>
        </datafield>
        <datafield tag="506" ind1=" " ind2=" ">
            <subfield code="a">by-nc-sa</subfield>
            <subfield code="b">Creative Commons</subfield>
            <subfield code="c">3.0</subfield>
            <subfield code="u">http://creativecommons.org/licenses/by-nc-sa/3.0/</subfield>
        </datafield>
        <datafield tag="520" ind1=" " ind2=" ">
            <subfield code="a">El Trabajo Fin de Máster en Ingeniería de Diseño de Producto expuesto en el presente documento consiste en el estudio y rediseño de los espacios libres de la planta baja del “Edificio Agustín de Betancourt” de la Escuela de Ingeniería y Arquitectura de la Universidad de Zaragoza. Actualmente estos espacios presentan una serie de deficiencias, lo que hace que los usuarios de los mismos no puedan aprovechar todas sus potencialidades. Esas deficiencias son debidas, al menos en parte, por la ausencia de un plan director que los regule adecuadamente. A través de este proyecto se pretenden explotar las posibles oportunidades de este espacio, para permitir mejorar la experiencia de los usuarios en la planta baja del “Edificio Betancourt” de la EINA, así como aumentar su uso y actividad en ese espacio común.</subfield>
        </datafield>
        <datafield tag="521" ind1=" " ind2=" ">
            <subfield code="a">Máster Universitario en Ingeniería de Diseño de Producto</subfield>
        </datafield>
        <datafield tag="540" ind1=" " ind2=" ">
            <subfield code="a">Derechos regulados por licencia Creative Commons</subfield>
        </datafield>
        <datafield tag="700" ind1=" " ind2=" ">
            <subfield code="a">Biedermann, Anna Maria</subfield>
            <subfield code="e">dir.</subfield>
        </datafield>
        <datafield tag="700" ind1=" " ind2=" ">
            <subfield code="a">Cano Suñén, Enrique</subfield>
            <subfield code="e">dir.</subfield>
        </datafield>
        <datafield tag="710" ind1="2" ind2=" ">
            <subfield code="a">Universidad de Zaragoza</subfield>
            <subfield code="b">Ingeniería de Diseño y Fabricación</subfield>
            <subfield code="c">Expresión Gráfica de la Ingeniería</subfield>
        </datafield>
        <datafield tag="856" ind1="0" ind2=" ">
            <subfield code="f">589551@celes.unizar.es</subfield>
        </datafield>
        <datafield tag="856" ind1="4" ind2=" ">
            <subfield code="s">15144177</subfield>
            <subfield code="u">http://zaguan.unizar.es/record/61014/files/TAZ-TFM-2017-048.pdf</subfield>
            <subfield code="y">Memoria (spa)</subfield>
        </datafield>
        <datafield tag="856" ind1="4" ind2=" ">
            <subfield code="s">17545968</subfield>
            <subfield code="u">http://zaguan.unizar.es/record/61014/files/TAZ-TFM-2017-048_ANE.pdf</subfield>
            <subfield code="y">Anexos (spa)</subfield>
        </datafield>
        <datafield tag="909" ind1="C" ind2="O">
            <subfield code="o">oai:zaguan.unizar.es:61014</subfield>
            <subfield code="p">driver</subfield>
            <subfield code="p">trabajos-fin-master</subfield>
        </datafield>
        <datafield tag="950" ind1=" " ind2=" ">
            <subfield code="a"></subfield>
        </datafield>
        <datafield tag="951" ind1=" " ind2=" ">
            <subfield code="a">deposita:2017-05-10</subfield>
        </datafield>
        <datafield tag="980" ind1=" " ind2=" ">
            <subfield code="a">TAZ</subfield>
            <subfield code="b">TFM</subfield>
            <subfield code="c">EINA</subfield>
        </datafield>
    </record>

    
</collection>